000 00912cab a2200181 4500
001 L130890
008 050912n2005 000 0 eng u
035 _a(Sirsi) u130890
041 0 _aeng
100 1 _aJansen, Mark
245 0 0 _aMaterial gains
260 _c2005
490 0 _aProperty Week
_v70(35) 2 September 2005, 72-74(3)
520 _aReports on an RICS professional qualification that will allow building surveyors to inspect properties for asbestos. The National Individual Asbestos Certification Scheme (NIACS) will cover surveyors for mistakes such as missing asbestos that subsequently causes injury or the loss of value to a building arising from the discovery of asbestos they had missed. The HSE estimates that up to half a million commercial properties still contain asbestos.
590 _aIKA130905
690 _aMANAGEMENT-HEALTH AND SAFETY-HAZARDOUS SUBSTANCES-ASBESTOS
942 _n0
999 _c75867
_d75867